| 000 | 01805nam a2200229Ia 4500 | ||
|---|---|---|---|
| 008 | 260220t1969||||xx |||||||||||||| ||spa|| | ||
| 040 |
_aPY-SlUNAC _bspa _erda |
||
| 041 | _aspa | ||
| 082 |
_a615.6 _bG927g |
||
| 245 | 0 | _aGrupos sanguíneos y otros marcadores genéticos en indios Chulupies y en mestizos del Paraguay | |
| 264 |
_aAsunción : _b[Editorial no identificada], _c℗1969. |
||
| 300 | _a1 volumen | ||
| 520 | _aEl libro "Grupos sanguíneos y otros marcadores genéticos en indios Chulupies y en mestizos del Paraguay" presenta un estudio exhaustivo sobre la variabilidad genética en dos poblaciones específicas de Paraguay: los indígenas Chulupies y los mestizos. A través de la recolección de datos sobre grupos sanguíneos y otros marcadores genéticos, el autor analiza las diferencias y similitudes genéticas entre estas poblaciones, proporcionando un contexto histórico y social que permite entender la influencia de la mezcla étnica en la genética local. La investigación destaca cómo la colonización y los procesos migratorios han afectado la diversidad genética en la región, así como las implicaciones para la salud y la antropología de estas comunidades. Este trabajo es fundamental para comprender la herencia genética y su relación con factores demográficos, y aporta valiosa información para estudios futuros sobre la genética en poblaciones indígenas y mestizas en América del Sur. La obra es un aporte significativo a la antropología y la genética poblacional en el contexto paraguayo. | ||
| 653 | _aGenética | ||
| 653 | _aGrupos sanguíneos | ||
| 653 | _aPueblos indígenas | ||
| 942 |
_b2026/02/17 _cBK |
||
| 999 |
_c8483 _d8483 |
||